Normal view
MARC view
- Turban,Efraim/Ramessh Shaeda/Dursun Delen/Jay E.Aronson/Ting-Peng Liang/David King
Entry Personal Name
001 - CONTROL NUMBER
- control field: 525
003 - CONTROL NUMBER IDENTIFIER
- control field: JO-AjAnu
005 - DATE AND TIME OF LATEST TRANSACTION
- control field: 20230606070406.0
008 - FIXED-LENGTH DATA ELEMENTS
- fixed length control field: 230606|| aca||aabn | a|a d
040 ## - CATALOGING SOURCE
- Original cataloging agency: JO-AjAnu
- Transcribing agency: JO-AjAnu
100 ## - HEADING--PERSONAL NAME
- Personal name: Turban,Efraim/Ramessh Shaeda/Dursun Delen/Jay E.Aronson/Ting-Peng Liang/David King
670 ## - SOURCE DATA FOUND
- Source citation: Work cat.: (JO-AjAnu)279: Turban,Efraim/Ramessh Shaeda/Dursun Delen/Jay E.Aronson/Ting-Peng Liang/David King, author, DECISION SUPPORT AND BUSINESS INTELLIGENCE SYSTEMS